Religion, Community and Education (Record no. 26466)
[ view plain ]
| 000 -LEADER | |
|---|---|
| fixed length control field | 01607nam a22001697a 4500 |
| 020 ## - INTERNATIONAL STANDARD BOOK NUMBER | |
| ISBN | 9780198076940 |
| 082 ## - DEWEY DECIMAL CLASSIFICATION NUMBER | |
| Classification number | 379.260954123 |
| Item number | ALA-R |
| 100 ## - MAIN ENTRY--AUTHOR NAME | |
| Personal name | Alam, Mohd. Sanjeer |
| 245 ## - TITLE STATEMENT | |
| Title | Religion, Community and Education |
| Sub Title | : The Case of Rural Bihar |
| 260 ## - PUBLICATION, DISTRIBUTION, ETC. (IMPRINT) | |
| Place of publication | New Delhi |
| Name of publisher | Oxford University Press |
| Year of publication | 2012 |
| 300 ## - PHYSICAL DESCRIPTION | |
| Number of Pages | xv,219p. |
| 504 ## - BIBLIOGRAPHY, ETC. NOTE | |
| Bibliography, etc | Included Bibliography and Index |
| 520 ## - SUMMARY, ETC. | |
| Summary, etc | Religion-based educational disparities, especially relative educational backwardness amongst the Muslims in India, are the focus of serious debate. The 2006 Sachar Committee Report rekindled public interest and attention in this important issue. Yet, considerable gaps exist in our understanding of the dynamics of religion and access to education. In Religion, Community, and Education, Alam uses a spatial approach and multi-layered analytical framework to understand educational disparities in schooling between the Hindus and Muslims in Bihar. The study draws upon national-level data as well as focused fieldwork carried out in Bihar’s Patna and Purnia districts. This book highlights the larger historical trajectories that have shaped educational development as well as the forms of disparities therein vis-à-vis the minorities in India. It contends that the relative educational backwardness of the Muslims reflects underlying socio-economic patterns that are often overlooked. Thus, the Muslims should not be seen merely as homogeneous socio-cultural aggregates |
| 650 ## - SUBJECT ADDED ENTRY--TOPICAL TERM | |
| Topical Term | Education |
| Form subdivision | Educational equalization |
| -- | Literacy |
| Geographic subdivision | Bihar |
| 650 ## - SUBJECT ADDED ENTRY--TOPICAL TERM | |
| Topical Term | Religious aspects |
| Form subdivision | Hindus |
| -- | Muslims |
| 942 ## - ADDED ENTRY ELEMENTS (KOHA) | |
| Source of classification or shelving scheme | Dewey Decimal Classification |
| Koha item type | Books |
| Withdrawn status | Lost status | Damaged status | Not for loan | Home library | Current library | Date acquired | Source of acquisition | Cost, normal purchase price | Bill Date | Full call number | Accession Number | Cost, replacement price | Price effective from | Koha item type |
|---|---|---|---|---|---|---|---|---|---|---|---|---|---|---|
| NASSDOC Library | NASSDOC Library | 04/02/2021 | Overseas Press India Private Limited | 507.35 | 2021-01-27 | 379.260954123 ALA-R | 51201 | 695.00 | 12/02/2021 | Books |
